| 000 | 00661nam a2200265Ia 4500 | ||
|---|---|---|---|
| 008 | 171025s9999 xx 000 0 und d | ||
| 020 | _a79225922X | ||
| 050 | _a294.53 | ||
| 050 | _bH466 2006 | ||
| 100 | _aHeiligman, Deborah | ||
| 245 | _aCelebrate Diwali : | ||
| 245 | _bwith sweets, lights, and fireworks / | ||
| 245 | _cby Deborah Heiligman. | ||
| 260 | _aUSA : | ||
| 260 | _bNational Geographic, | ||
| 260 | _c2006 | ||
| 300 | _a32 pages : | ||
| 300 | _bcolored illustrations ; | ||
| 300 | _c26cm. | ||
| 650 | _aDiwali -- | ||
| 650 | _aDiwali. | ||
| 650 | _xJuvenile literature. | ||
| 700 | _aNarayanan, Visudha. | ||
| 700 | _aTitle. | ||
| 999 |
_c344588 _d344588 |
||